| 000 | 00857nam a2200277Ia 4500 | ||
|---|---|---|---|
| 001 | Para_8357 | ||
| 003 | CHAP | ||
| 008 | 220125s9999 xx 000 0 und d | ||
| 010 | _a207219 | ||
| 040 | _cCHAP | ||
| 082 | _aPA-C 595.752 A6 | ||
| 100 |
_aLounsbury, Chas P. _9173157 |
||
| 245 |
_aA new Oak tree pest. : _b the oak phylloxera / _c by Chas P. Lounsbury |
||
| 300 | _a4 p. | ||
| 440 |
_aAphidae; 13 _9171222 |
||
| 500 | _aSobretiro de: Agr. J. 26: 1-4 p., 1903. Encuadernado con otros impresos similares | ||
| 650 |
_a _x Afididos _x Colecciones de escritos _x Roble _x Plagas _x Phylloxera _9173755 |
||
| 710 |
_aAgricultural Journal 26 _9173756 |
||
| 901 | _aPA-C 595.752 A6 | ||
| 902 | _aA | ||
| 905 | _a000000 0000000000 00 | ||
| 910 | _a | ||
| 942 | _cPARA | ||
| 942 |
_cPARA _d1 |
||
| 999 |
_c207219 _d207219 |
||